000 00995nam a2200265Ia 4500
003 OSt
005 20221005110242.0
006 a|||||r|||| 00| 0
007 ta
008 221004b |||||||| |||| 00| 0 hin d
020 _a8126003111 (pbk)
_c125
024 _a92826
037 _b523, 19/03/2009, Vani Prakashan
_cTextual
040 _aCRL
_cCRL
_bhin
041 _2hin
_ahin
082 _aR66x2:g, 152N8
100 _aदुबे, राजेन्द्र प्रसाद
245 0 _aवाचस्पति मिश्र
246 _aVāchaspati mishra
260 _aनई दिल्ली
_bसाहित्य अकादेमी भारतफ
_c1998
300 _a119पृ0
_ccm.
490 _aभारतीय साहित्य के निर्माता
942 _hR66x2:g, 152N8
_cTEXL
_2cc
999 _c1018232
_d1018232